000 00352pam a2200121 a 4500
020 _a0931846420 :
_c$10.00
050 0 0 _aPS3551.R4663
_bD68 1993
100 1 _aArmitage, Barri,
_d1937-
245 1 0 _aDouble helix /
_cby Barri Armitage.
260 _aWashington, D.C. :
_bWashington Writers' Pub. House,
_cc1993.
300 _avii, 63 p. :
942 _2lcc
_cGEN
999 _c13579
_d13579